书目信息 |
| 题名: |
美国人眼中的第二次世界大战
|
|
| 作者: | 艾泽曼, 著 ;刘群 译 | |
| 分册: | ||
| 出版信息: | 北京 当代中国出版社 2006.02 |
|
| 页数: | 236页 | |
| 开本: | 23cm | |
| 丛书名: | 战争中的美国丛书 | |
| 单 册: | ||
| 中图分类: | K712.53 | |
| 科图分类: | ||
| 主题词: | 第二次世界大战(1939-1945)--di er ci shi jie da zhan(1939-1945)--史料--美国 | |
| 电子资源: | ||
| ISBN: | 7-80170-404-5 | |
| 000 | 01316nam 2200277 450 | |
| 001 | 012006359631 | |
| 005 | 20060926160210.95 | |
| 010 | @a7-80170-404-5@dCNY23.00 | |
| 100 | @a20060730d2006 km y0chiy0120 ea | |
| 101 | 1 | @achi@ceng |
| 102 | @aCN@b110000 | |
| 105 | @aabc z 000yy | |
| 200 | 1 | @a美国人眼中的第二次世界大战@Amei guo ren yan zhong de di er ci shi jie da zhan@f(美) 莫里斯·艾泽曼著@F(mei)mo li si·ai ze man zhu@g刘群译@Gliu qun yi |
| 210 | @a北京@c当代中国出版社@d2006.02 | |
| 215 | @a236页@c图, 地图, 肖像@d23cm | |
| 225 | 2 | @a战争中的美国丛书@Azhan zheng zhong de mei guo cong shu |
| 305 | @a据原书2004年版译出 | |
| 314 | @a莫里斯·艾泽曼,罗彻斯特大学历史学硕士和博士,汉密尔顿学院的历史学教授,著有几十篇论文、评论;合著书10本,其中包括非裔美国人历史丛书中的《自由之旅》。 | |
| 330 | @a本书向我们展示了美国在欧洲和太平洋战场上的全景作战画面,从珍珠港到诺曼底登陆,再到日本在美国军舰密苏里号上的投降,更新增了许多细节,如西班牙内战对二战的影响,美国陆地武器在海陆战争中的影响。 | |
| 410 | 0 | @12001 @a战争中的美国丛书 |
| 606 | 0 | @a第二次世界大战(1939-1945)@Adi er ci shi jie da zhan(1939-1945)@x史料@y美国 |
| 690 | @aK712.53@v4 | |
| 701 | 1 | @a艾泽曼,@Aai ze man,@bM.@g(Isserman, Maurice)@4著 |
| 702 | 0 | @a刘群@Aliu qun@4译 |
| 801 | 0 | @aCN@c20060926 |
| 905 | @a10447@dK712.53@eA424 | |
| 美国人眼中的第二次世界大战/(美) 莫里斯·艾泽曼著/刘群译.-北京:当代中国出版社,2006.02 |
| 236页:图, 地图, 肖像;23cm.-(战争中的美国丛书) |
| ISBN 7-80170-404-5:CNY23.00 |
| 本书向我们展示了美国在欧洲和太平洋战场上的全景作战画面,从珍珠港到诺曼底登陆,再到日本在美国军舰密苏里号上的投降,更新增了许多细节,如西班牙内战对二战的影响,美国陆地武器在海陆战争中的影响。 |
| ● |
| 相关链接 |
|
|
|
正题名:美国人眼中的第二次世界大战
索取号:K712.53/A424
 
预约/预借
| 序号 | 登录号 | 条形码 | 馆藏地/架位号 | 状态 | 备注 |
| 1 | 599119 | 205991195 | 社科库309/309社科库 41排4列2层/ [索取号:K712.53/A424] | 在馆 | |
| 2 | 599120 | 205991202 | 社科库309/309社科库 41排4列2层/ [索取号:K712.53/A424] | 在馆 | |
| 3 | 599121 | 205991211 | 社科库309/309社科库 41排4列2层/ [索取号:K712.53/A424] | 在馆 |